<?xml version="1.0" encoding="UTF-8"?><?xml-stylesheet type="text/xsl" href="static/style.xsl"?><OAI-PMH xmlns="http://www.openarchives.org/OAI/2.0/" xmlns:xsi="http://www.w3.org/2001/XMLSchema-instance" xsi:schemaLocation="http://www.openarchives.org/OAI/2.0/ http://www.openarchives.org/OAI/2.0/OAI-PMH.xsd"><responseDate>2026-04-13T13:40:15Z</responseDate><request verb="GetRecord" identifier="oai:www.recercat.cat:2072/468480" metadataPrefix="marc">https://recercat.cat/oai/request</request><GetRecord><record><header><identifier>oai:recercat.cat:2072/468480</identifier><datestamp>2024-11-04T05:51:35Z</datestamp><setSpec>com_2072_98</setSpec><setSpec>col_2072_378192</setSpec></header><metadata><record xmlns="http://www.loc.gov/MARC21/slim" xmlns:dcterms="http://purl.org/dc/terms/" xmlns:xsi="http://www.w3.org/2001/XMLSchema-instance" xmlns:doc="http://www.lyncode.com/xoai" xsi:schemaLocation="http://www.loc.gov/MARC21/slim http://www.loc.gov/standards/marcxml/schema/MARC21slim.xsd">
   <leader>00925njm 22002777a 4500</leader>
   <datafield ind2=" " ind1=" " tag="042">
      <subfield code="a">dc</subfield>
   </datafield>
   <datafield ind2=" " ind1=" " tag="720">
      <subfield code="a">Sisternes Alacot, Júlia</subfield>
      <subfield code="e">author</subfield>
   </datafield>
   <datafield ind2=" " ind1=" " tag="260">
      <subfield code="c">2023</subfield>
   </datafield>
   <datafield ind2=" " ind1=" " tag="520">
      <subfield code="a">Entenem que l'Aprenentatge Basat en el Joc (ABJ), és una estratègia pedagògica efectiva. Aquesta efectivitat la podem associar a que jugant aconseguim resultats més alts gràcies a l'estat de relaxació i atenció que es produeix. El joc és un recurs molt valuós en aquest procés d'ensenyament aprenentatge . Els nous estudis sobre neuroeducació mostren com el joc contribueix a crear una experiència que motiva i estimula tant a l'alumnat com al professorat. El cervell adquireix aprenentatge de forma més eficient si l'alumnat està motivat. Utilitzant el joc podem conèixer multitud d'inquietuds del nostre alumnat, i quin és el millor enfocament per al seu aprenentatge. A més a més, es una bona forma de divertir-se aprenent i indirectament, aconseguir que l'aprenentatge perdure més. Aquest és un aspecte bàsic que no s'ha aconseguit amb altres metodologies més tradicionals. A tots en agrada jugar, però no és fàcil utilitzar o crear jocs adaptats al mòdul de FOL, amb tan gran varietat de continguts i/o criteris d'aprenentatge. Per això tot el professorat de l'especialitat de FOL tenim el repte d'innovar amb la creació de jocs relacionats amb l'àmbit laboral.</subfield>
   </datafield>
   <datafield ind1="8" ind2=" " tag="024">
      <subfield code="a">http://hdl.handle.net/2072/468480</subfield>
   </datafield>
   <datafield tag="653" ind2=" " ind1=" ">
      <subfield code="a">Joc</subfield>
   </datafield>
   <datafield tag="653" ind2=" " ind1=" ">
      <subfield code="a">Aprenentatge eficient</subfield>
   </datafield>
   <datafield tag="653" ind2=" " ind1=" ">
      <subfield code="a">Eina pedagògica</subfield>
   </datafield>
   <datafield tag="653" ind2=" " ind1=" ">
      <subfield code="a">Rol professorat</subfield>
   </datafield>
   <datafield tag="653" ind2=" " ind1=" ">
      <subfield code="a">Creativitat</subfield>
   </datafield>
   <datafield tag="653" ind2=" " ind1=" ">
      <subfield code="a">Innovació</subfield>
   </datafield>
   <datafield tag="653" ind2=" " ind1=" ">
      <subfield code="a">Motivació</subfield>
   </datafield>
   <datafield ind2="0" ind1="0" tag="245">
      <subfield code="a">Els ABJ en l'aula de FOL</subfield>
   </datafield>
</record></metadata></record></GetRecord></OAI-PMH>